Vincitori del Palio di Siena dal 1900 ad oggi - Statistics

Statistiche generali
  • Questo quiz è stato fatto 25 volte
    8 dall'ultimo reset
  • Il punteggio medio è 108 su 251
Statistiche sulle risposte
Data Contrada Cavallo Fantino % Corretto
20 Ottobre 2018 Tartuca Remorex (scosso) Andrea Coghe detto Tempesta
100%
17 Agosto 2024 Lupa Benitos Dino Pes detto Velluto
100%
2 Luglio 2007 Oca Fedora Saura Giovanni Atzeni detto Tittìa
100%
2 Luglio 2011 Oca Mississippi Giovanni Atzeni detto Tittìa
100%
2 Luglio 2013 Oca Guess Giovanni Atzeni detto Tittìa
100%
16 Agosto 2013 Onda Morosita Prima Giovanni Atzeni detto Tittìa
100%
17 Agosto 2015 Selva Polonski Giovanni Atzeni detto Tittìa
100%
2 Luglio 2019 Giraffa Tale e Quale Giovanni Atzeni detto Tittìa
100%
16 Agosto 2019 Selva Remorex (scosso) Giovanni Atzeni detto Tittìa
100%
2 Luglio 2022 Drago Zio Frac Giovanni Atzeni detto Tittìa
100%
17 Agosto 2022 Leocorno Violenta da Clodia Giovanni Atzeni detto Tittìa
100%
2 Luglio 2023 Selva Violenta da Clodia Giovanni Atzeni detto Tittìa
100%
2 Luglio 1982 Valdimontone Cuana Giuseppe Pes detto Il Pesse
100%
13 Settembre 1986 Valdimontone Brandano Giuseppe Pes detto Il Pesse
100%
16 Agosto 1991 Pantera Pytheos Giuseppe Pes detto Il Pesse
100%
16 Agosto 1992 Drago Pytheos Giuseppe Pes detto Il Pesse
100%
2 Luglio 1993 Leocorno Barabba Giuseppe Pes detto Il Pesse
100%
16 Agosto 1995 Leocorno Bella Speranza Giuseppe Pes detto Il Pesse
100%
3 Luglio 1997 Giraffa Lobi's Andrea Giuseppe Pes detto Il Pesse
100%
16 Agosto 1997 Giraffa Quarnero Giuseppe Pes detto Il Pesse
100%
9 Settembre 2000 Selva Urban II Giuseppe Pes detto Il Pesse
100%
2 Luglio 1996 Oca Quarnero Luigi Bruschelli detto Trecciolino
100%
2 Luglio 1998 Oca Vittorio Luigi Bruschelli detto Trecciolino
100%
2 Luglio 1999 Oca Giove Luigi Bruschelli detto Trecciolino
100%
2 Luglio 2000 Istrice Gangelies Luigi Bruschelli detto Trecciolino
100%
2 Luglio 2001 Leocorno Ugo Sancez (scosso) Luigi Bruschelli detto Trecciolino
100%
16 Agosto 2002 Tartuca Berio Luigi Bruschelli detto Trecciolino
100%
16 Agosto 2003 Bruco Berio Luigi Bruschelli detto Trecciolino
100%
16 Agosto 2004 Tartuca Alesandra Luigi Bruschelli detto Trecciolino
100%
2 Luglio 2005 Bruco Berio Luigi Bruschelli detto Trecciolino
100%
16 Agosto 2005 Torre Berio Luigi Bruschelli detto Trecciolino
100%
2 Luglio 2008 Istrice Già del Menhir Luigi Bruschelli detto Trecciolino
100%
16 Agosto 2010 Tartuca Istriceddu Luigi Bruschelli detto Trecciolino
100%
2 Luglio 2012 Onda Ivanov Luigi Bruschelli detto Trecciolino
100%
16 Agosto 1978 Pantera Urbino de Ozieri Salvatore Ladu detto Cianchino
100%
16 Agosto 1984 Nicchio Orion Salvatore Ladu detto Cianchino
100%
16 Agosto 1985 Onda Benito III Salvatore Ladu detto Cianchino
100%
16 Agosto 1987 Pantera Benito III Salvatore Ladu detto Cianchino
100%
16 Agosto 1990 Valdimontone Pytheos Salvatore Ladu detto Cianchino
100%
3 Luglio 1991 Tartuca Uberto Salvatore Ladu detto Cianchino
100%
2 Luglio 1995 Onda Oriolu Salvatore Ladu detto Cianchino
100%
16 Agosto 1996 Bruco Rosa Rosae (Bella Speranza) Salvatore Ladu detto Cianchino
100%
2 Luglio 1965 Aquila Topolone Andrea Degortes detto Aceto
88%
16 Agosto 1968 Oca Livietta Andrea Degortes detto Aceto
88%
21 Settembre 1969 Oca Topolone Andrea Degortes detto Aceto
88%
2 Luglio 1972 Tartuca Mirabella Andrea Degortes detto Aceto
88%
17 Settembre 1972 Istrice Mirabella Andrea Degortes detto Aceto
88%
16 Agosto 1974 Selva Panezio Andrea Degortes detto Aceto
88%
17 Agosto 1975 Chiocciola Panezio Andrea Degortes detto Aceto
88%
18 Agosto 1976 Civetta Panezio Andrea Degortes detto Aceto
88%
16 Agosto 1977 Oca Rimini Andrea Degortes detto Aceto
88%
16 Agosto 1979 Aquila Urbino de Ozieri Andrea Degortes detto Aceto
88%
17 Agosto 1980 Leocorno Uana Andrea Degortes detto Aceto
88%
2 Luglio 1984 Oca Baiardo Andrea Degortes detto Aceto
88%
2 Luglio 1985 Oca Brandano Andrea Degortes detto Aceto
88%
3 Luglio 1992 Aquila Gallegiante Andrea Degortes detto Aceto
88%
16 Agosto 2008 Bruco Elisir Logudoro Giuseppe Zedde detto Gingillo
88%
2 Luglio 2009 Tartuca Già del Menhir Giuseppe Zedde detto Gingillo
88%
16 Agosto 2018 Lupa Porto Alabe Giuseppe Zedde detto Gingillo
88%
16 Agosto 2007 Leocorno Brento Jonatan Bartoletti detto Scompiglio
88%
16 Agosto 2012 Valdimontone Lo Specialista Jonatan Bartoletti detto Scompiglio
88%
2 Luglio 2016 Lupa Preziosa Penelope Jonatan Bartoletti detto Scompiglio
88%
16 Agosto 2016 Lupa Preziosa Penelope Jonatan Bartoletti detto Scompiglio
88%
2 Luglio 2017 Giraffa Sarbana Jonatan Bartoletti detto Scompiglio
88%
2 Luglio 2006 Pantera Choci Andrea Mari detto Brio
75%
16 Agosto 2009 Civetta Istriceddu Andrea Mari detto Brio
75%
16 Agosto 2011 Giraffa Fedora Saura Andrea Mari detto Brio
75%
16 Agosto 2014 Civetta Occolè Andrea Mari detto Brio
75%
2 Luglio 2015 Torre Morosita Prima Andrea Mari detto Brio
75%
2 Luglio 2018 Drago Rocco Nice Andrea Mari detto Brio
75%
16 Agosto 2017 Onda Porto Alabe Carlo Sanna detto Brigante
75%
16 Agosto 2023 Oca Zio Frac (scosso) Carlo Sanna detto Brigante
75%
4 Luglio 2024 Onda Tabacco Carlo Sanna detto Brigante
75%
2 Luglio 1989 Lupa Vipera (scosso) Dario Colagè detto Il Bufera
75%
16 Agosto 1994 Tartuca Delfort Song Dario Colagè detto Il Bufera
75%
16 Agosto 1998 Nicchio Re Artù Dario Colagè detto Il Bufera
75%
2 Luglio 2004 Giraffa Donosu Tou (scosso) Alberto Ricceri detto Salasso
63%
16 Agosto 2006 Selva Caro Amico Alberto Ricceri detto Salasso
63%
2 Luglio 2014 Drago Oppio Alberto Ricceri detto Salasso
63%
16 Agosto 1946 Giraffa Piero Giuseppe Gentili detto Ciancone
63%
2 Luglio 1947 Nicchio Salomè Giuseppe Gentili detto Ciancone
63%
2 Luglio 1950 Onda Gioia Giuseppe Gentili detto Ciancone
63%
2 Luglio 1951 Pantera Archetta Giuseppe Gentili detto Ciancone
63%
16 Agosto 1951 Tartuca Bagnorea Giuseppe Gentili detto Ciancone
63%
2 Luglio 1955 Bruco Sturla Giuseppe Gentili detto Ciancone
63%
16 Agosto 1959 Oca Tanaquilla Giuseppe Gentili detto Ciancone
63%
4 Settembre 1960 Civetta Uberta de Mores Giuseppe Gentili detto Ciancone
63%
2 Luglio 1969 Onda Sambrina Giuseppe Gentili detto Ciancone
63%
16 Agosto 2000 Leocorno Venus VIII Luca Minisini detto Dè
63%
16 Agosto 2001 Drago Zodiach Luca Minisini detto Dè
63%
2 Luglio 2002 Istrice Ugo Sancez Luca Minisini detto Dè
63%
2 Luglio 1988 Nicchio Benito III Massimo Coghe detto Massimino
63%
2 Luglio 1994 Pantera Uberto Massimo Coghe detto Massimino
63%
16 Agosto 1999 Chiocciola Votta Votta Massimo Coghe detto Massimino
63%
3 Luglio 1978 Selva Urbino de Ozieri Silvano Vigni detto Bastiano
63%
7 Settembre 1980 Selva Panezio Silvano Vigni detto Bastiano
63%
2 Luglio 1981 Aquila Rimini Silvano Vigni detto Bastiano
63%
3 Luglio 1983 Leocorno Benito III (scosso) Silvano Vigni detto Bastiano
63%
2 Luglio 1990 Giraffa Galleggiante Silvano Vigni detto Bastiano
63%
16 Agosto 1972 Onda Orbello Antonio Zedde detto Valente
50%
2 Luglio 1976 Chiocciola Quebel (scosso) Antonio Zedde detto Valente
50%
16 Agosto 1930 Tartuca Carnera Fernando Leoni detto Ganascia
50%
3 Luglio 1932 Onda Gobba Fernando Leoni detto Ganascia
50%
2 Luglio 1933 Tartuca Folco Fernando Leoni detto Ganascia
50%
16 Agosto 1933 Tartuca Folco Fernando Leoni detto Ganascia
50%
16 Agosto 1939 Torre Giacchino Fernando Leoni detto Ganascia
50%
2 Luglio 1946 Valdimontone Piero Fernando Leoni detto Ganascia
50%
16 Agosto 1947 Torre Piero Fernando Leoni detto Ganascia
50%
28 Maggio 1950 Valdimontone Gaia (scosso) Fernando Leoni detto Ganascia
50%
16 Agosto 1993 Drago Vittorio (scosso) Andrea Chelli detto Mistero
38%
28 Settembre 1902 Valdimontone Sauro di R. Bellini Angelo Meloni detto Picino
25%
17 Aprile 1904 Leocorno Primetta Angelo Meloni detto Picino
25%
2 Luglio 1906 Oca Baio di U. Betti Angelo Meloni detto Picino
25%
3 Luglio 1908 Oca Stella Angelo Meloni detto Picino
25%
16 Agosto 1909 Drago Calabresella Angelo Meloni detto Picino
25%
3 Luglio 1910 Valdimontone Sauro di L. Franci Angelo Meloni detto Picino
25%
2 Luglio 1913 Istrice Strega Angelo Meloni detto Picino
25%
16 Agosto 1921 Oca Crognolo Angelo Meloni detto Picino
25%
16 Agosto 1924 Chiocciola Giacca (scosso) Angelo Meloni detto Picino
25%
2 Luglio 1925 Valdimontone Lola Angelo Meloni detto Picino
25%
2 Luglio 1927 Valdimontone Tonta Angelo Meloni detto Picino
25%
2 Luglio 1928 Oca Lina Angelo Meloni detto Picino
25%
3 Luglio 1930 Onda Lina Angelo Meloni detto Picino
25%
2 Luglio 1934 Civetta Ruello Corrado Meloni detto Meloncino
25%
16 Agosto 1934 Oca Wally Corrado Meloni detto Meloncino
25%
2 Luglio 1949 Chiocciola Lirio Eletto Alessandri detto Bazza
25%
16 Agosto 1965 Selva Arianna Eletto Alessandri detto Bazza
25%
2 Luglio 1966 Drago Topolona Eletto Alessandri detto Bazza
25%
16 Agosto 1967 Selva Selvaggia Eletto Alessandri detto Bazza
25%
2 Luglio 1970 Giraffa Topolone Eletto Alessandri detto Bazza
25%
16 Agosto 1971 Giraffa Orbello Eletto Alessandri detto Bazza
25%
16 Agosto 1928 Nicchio Margiacchina Enrico Viti detto Canapino
25%
2 Luglio 1963 Pantera Topolone Leonardo Viti detto Canapino
25%
2 Luglio 1967 Tartuca Topolone Leonardo Viti detto Canapino
25%
2 Luglio 1971 Pantera Mirabella Leonardo Viti detto Canapino
25%
2 Luglio 1974 Valdimontone Pancho Massimo Alessandri detto Bazzino
25%
16 Agosto 1982 Chiocciola Panezio Massimo Alessandri detto Bazzino
25%
2 Luglio 1977 Valdimontone Quebel (scosso) Michele Bucci detto Randa
25%
2 Luglio 1986 Drago Ogiva Roberto Falchi detto Falchino
25%
2 Luglio 2010 Selva Fedora Saura Silvano Mulas detto Voglia
25%
16 Agosto 1973 Aquila Panezio (scosso) Adolfo Manzi detto Ercolino
13%
16 Agosto 1981 Nicchio Balente Adolfo Manzi detto Ercolino
13%
16 Agosto 1948 Lupa Noce Albano Nucciotti detto Ranco
13%
2 Luglio 1953 Tartuca Tarantella Albano Nucciotti detto Ranco
13%
16 Agosto 1911 Drago Baio di G. Pianigiani Aldo Mantovani detto Bubbolo
13%
16 Agosto 1914 Tartuca Baio di M. Busisi Aldo Mantovani detto Bubbolo
13%
2 Luglio 1926 Pantera Giacca Aldo Mantovani detto Bubbolo
13%
16 Agosto 1931 Oca Tordina Aldo Mantovani detto Bubbolo
13%
2 Luglio 1903 Drago Colombina Alduino Emidi detto Zaraballe
13%
17 Agosto 1909 Oca Farfalla Alduino Emidi detto Zaraballe
13%
16 Agosto 1970 Selva Ira Antonio Giorgi detto Baino
13%
16 Agosto 1962 Drago Beatrice Antonio Trinetti detto Canapetta
13%
17 Agosto 1966 Chiocciola Beatrice Antonio Trinetti detto Canapetta
13%
2 Luglio 1968 Chiocciola Selvaggia Antonio Trinetti detto Canapetta
13%
2 Luglio 2003 Selva Zodiach Antonio Villella detto Sgaibarre
13%
2 Luglio 1907 Giraffa Ida Arturo Bocci detto Rancani
13%
17 Agosto 1913 Valdimontone Storno Arturo Bocci detto Rancani
13%
2 Luglio 1914 Istrice Grigio di M. Busisi Arturo Bocci detto Rancani
13%
2 Luglio 1920 Nicchio Scodata Arturo Bocci detto Rancani
13%
17 Agosto 1920 Leocorno Esperta Arturo Bocci detto Rancani
13%
2 Luglio 1958 Valdimontone Belfiore Donato Tamburelli detto Rondone
13%
16 Agosto 1963 Drago Zaffira Donato Tamburelli detto Rondone
13%
16 Agosto 1969 Nicchio Topolone Donato Tamburelli detto Rondone
13%
16 Agosto 1923 Giraffa Lola Edoardo Furi detto Randellone
13%
2 Luglio 1929 Leocorno Giacca Ferruccio Funghi detto Porcino
13%
16 Agosto 1937 Civetta Folco Fortunato Castiello detto Napoletano
13%
4 Luglio 1979 Civetta Quebel Francesco Congiu detto Tremoto
13%
2 Luglio 1956 Aquila Archetta Francesco Cuttone detto Mezz'etto
13%
16 Agosto 1956 Istrice Gaudenzia Francesco Cuttone detto Mezz'etto
13%
2 Luglio 1962 Selva Elena Francesco Cuttone detto Mezz'etto
13%
16 Agosto 1929 Giraffa Orfanella (scosso) Garibaldo Fattori detto Garibaldi
13%
20 Agosto 1945 Drago Folco Gioacchino Calabrò detto Rubacuori
13%
2 Luglio 1954 Onda Gaudenzia Giorgio Terni detto Vittorino
13%
5 Settembre 1954 Leocorno Gaudenzia Giorgio Terni detto Vittorino
13%
2 Luglio 1957 Chiocciola Tanaquilla Giorgio Terni detto Vittorino
13%
16 Agosto 1957 Nicchio Belfiore Giorgio Terni detto Vittorino
13%
16 Agosto 1960 Nicchio Uberta de Mores Giorgio Terni detto Vittorino
13%
5 Giugno 1961 Nicchio Uberta de Mores Giorgio Terni detto Vittorino
13%
16 Agosto 1961 Torre Salomè Giorgio Terni detto Vittorino
13%
16 Agosto 1983 Giraffa Panezio Giovanni Antonio Casula detto Moretto
13%
16 Agosto 1989 Drago Benito III (scosso) Giovanni Antonio Casula detto Moretto
13%
25 Settembre 1913 Giraffa Sauro di A. Socini Giulio Cerpi detto Testina
13%
17 Agosto 1919 Oca Scodata Giulio Cerpi detto Testina
13%
2 Luglio 1921 Drago Crognolo Giulio Cerpi detto Testina
13%
2 Luglio 1964 Drago Arianna Giuseppe Vivenzio detto Peppinello
13%
16 Agosto 1964 Chiocciola Danubio (scosso) Giuseppe Vivenzio detto Peppinello
13%
2 Luglio 1987 Selva Vipera Guido Tomassucci detto Bonito de Silva
13%
2 Luglio 1952 Lupa Niduzza Ivan Magnani detto Il Terribile
13%
2 Luglio 1945 Lupa Mughetto Lorenzo Provvedi detto Renzino
13%
16 Agosto 1954 Giraffa Gaudenzia (scosso) Marino Lupi detto Veleno
13%
16 Agosto 1986 Giraffa Fenosu Mario Cottone detto Truciolo
13%
16 Agosto 1988 Aquila Figaro Maurizio Farnetani detto Bucefalo
13%
2 Luglio 1980 Onda Miura Mauro Matteucci detto Marasma
13%
2 Luglio 1919 Leocorno Giacca Ottorino Luschi detto Cispa
13%
2 Luglio 1922 Valdimontone Fanfara Ottorino Luschi detto Cispa
13%
16 Agosto 1922 Bruco Fanfara Ottorino Luschi detto Cispa
13%
2 Luglio 1924 Nicchio Fanfara Ottorino Luschi detto Cispa
13%
16 Agosto 1925 Chiocciola Fiorello Ottorino Luschi detto Cispa
13%
16 Agosto 1926 Chiocciola Margiacchina Ottorino Luschi detto Cispa
13%
16 Agosto 1935 Istrice Ruello Pietro De Angelis detto Pietrino
13%
2 Luglio 1939 Aquila Folco Pietro De Angelis detto Pietrino
13%
16 Agosto 1945 Civetta Folco Primo Arzilli detto Il Biondo
13%
18 Maggio 1947 Civetta Brillante Primo Arzilli detto Il Biondo
13%
2 Luglio 1948 Oca Salomè (scosso) Primo Arzilli detto Il Biondo
13%
16 Agosto 1949 Civetta Popa Primo Arzilli detto Il Biondo
13%
16 Agosto 1953 Selva Mitzi (scosso) Primo Arzilli detto Il Biondo
13%
16 Agosto 1950 Leocorno Niduzza Remo Antonetti detto Rompighiaccio
13%
16 Agosto 1952 Oca Niduzza Remo Antonetti detto Rompighiaccio
13%
16 Agosto 1955 Selva Archetta Romano Corsini detto Romanino
13%
14 Settembre 1928 Onda Giacca Romolo Maggi detto Sgonfio
13%
2 Luglio 1959 Aquila Salomè Rosario Pecoraro detto Tristezza
13%
2 Luglio 1960 Selva Tanaquilla Rosario Pecoraro detto Tristezza
13%
2 Luglio 1961 Istrice Uberta de Mores Rosario Pecoraro detto Tristezza
13%
24 settembre 1967 Giraffa Topolone Rosario Pecoraro detto Tristezza
13%
2 Luglio 1973 Lupa Panezio Rosario Pecoraro detto Tristezza
13%
2 Luglio 1975 Istrice Rimini Silvano Bietolini detto Ragno
13%
16 Agosto 1932 Nicchio Ruello Tripoli Torrini detto Tripolino
13%
2 Luglio 1935 Lupa Ruello Tripoli Torrini detto Tripolino
13%
16 Agosto 1936 Drago Aquilino Tripoli Torrini detto Tripolino
13%
2 Luglio 1937 Lupa Folco Tripoli Torrini detto Tripolino
13%
2 Luglio 1938 Drago Folco Tripoli Torrini detto Tripolino
13%
16 Agosto 1938 Chiocciola Sansano Tripoli Torrini detto Tripolino
13%
16 Agosto 1927 Nicchio Giacca Umberto Baldini detto Bovino
13%
2 Luglio 1936 Giraffa Ruello Umberto Baldini detto Bovino
13%
16 Agosto 1958 Istrice Uberta de Mores (scosso) Umberto Castiglionesi detto Biba
13%
2 Luglio 1931 Aquila Lina Vieri Luschi detto Cittino
13%
3 Luglio 1904 Pantera Ida Alfonso Menichetti detto Nappa
0%
16 Agosto 1906 Aquila Stornino Alfonso Menichetti detto Nappa
0%
16 Agosto 1908 Valdimontone Stella Alfonso Menichetti detto Nappa
0%
2 Luglio 1911 Chiocciola Stella Alfonso Menichetti detto Nappa
0%
2 Luglio 1912 Bruco Farfalla Alfonso Menichetti detto Nappa
0%
16 Agosto 1912 Lupa Sauro di Benvenuto Fineschi Alfonso Menichetti detto Nappa
0%
16 Agosto 1903 Oca Lella Angelo Montechiari detto Spanziano
0%
16 Agosto 1904 Selva Farfalla Angelo Montechiari detto Spanziano
0%
2 Luglio 1923 Lupa Baietta Angelo Serio detto Pirulino
0%
2 Luglio 1900 Drago Sultana Angelo Volpi detto Bellino
0%
9 Settembre 1900 Nicchio Baia del Fanetti Angelo Volpi detto Bellino
0%
2 Luglio 1905 Istrice Ida Benvenuto Fineschi detto Benvenuto
0%
18 Agosto 1907 Lupa Gobba CORSO CON CAVALLI SCOSSI
0%
2 Luglio 1901 Nicchio Nocciola Domenico Fradiacono detto Scansino
0%
16 Agosto 1902 Tartuca Baio di A. Gracci Domenico Fradiacono detto Scansino
0%
4 Luglio 1909 Lupa Baio di G. Sampieri Domenico Fradiacono detto Scansino
0%
16 Agosto 1910 Tartuca Stella Domenico Fradiacono detto Scansino
0%
13 Settembre 1910 Torre Gobba Domenico Leoni detto Moro
0%
16 Agosto 1919 Selva Stellina Domenico Leoni detto Moro
0%
16 Agosto 1907 Bruco Gobba Ermanno Menichetti detto Popo
0%
16 Agosto 1901 Selva Sultana Ernesto Felli detto Chiccone
0%
2 Luglio 1902 Onda Ponona Francesco Menichelli detto Pallino
0%
3 Luglio 2025 Oca Diodoro Giovanni Atzeni detto Tittia
0%
16 Agosto 2025 Valdimontone Anda e Bola Giuseppe Zedde detto Gingillo
0%
16 Agosto 1905 Torre Gobba Guido Sampieri detto Fulmine
0%
Nessun quiz corrispondente trovato
Distribuzione punteggi
Percentuale di utenti per punteggio
Percentile per numero di risposta
I tuoi punteggi nel tempo
Non hai fatto questo quiz dall'ultimo reset